000 00430nam a2200181Ia 4500
008 100917s9999 xx 000 0 und d
082 _b28012
100 _aकाळे व. पु.
245 _aवलय
260 _bभारतीय ग्रंथ भवन
_c1966
300 _a186
365 _b5
520 _aकथा
630 _aवलय
650 _aकथा
730 _aवलय
942 _cBOOK
999 _c633406
_d633403